<?xml version="1.0" encoding="UTF-8"?>
<collection xmlns="http://www.loc.gov/MARC21/slim">
 <record>
  <leader>01545nam a2200217Ia 4500</leader>
  <controlfield tag="001">CTU_155188</controlfield>
  <controlfield tag="008">210402s9999    xx            000 0 und d</controlfield>
  <datafield tag="020" ind1=" " ind2=" ">
   <subfield code="c">2464000</subfield>
  </datafield>
  <datafield tag="082" ind1=" " ind2=" ">
   <subfield code="a">005.8</subfield>
  </datafield>
  <datafield tag="082" ind1=" " ind2=" ">
   <subfield code="b">R469</subfield>
  </datafield>
  <datafield tag="100" ind1=" " ind2=" ">
   <subfield code="a">Rhee, Man Young</subfield>
  </datafield>
  <datafield tag="245" ind1=" " ind2="0">
   <subfield code="a">Mobile communication systems and security</subfield>
  </datafield>
  <datafield tag="245" ind1=" " ind2="0">
   <subfield code="c">Man Young Rhee</subfield>
  </datafield>
  <datafield tag="260" ind1=" " ind2=" ">
   <subfield code="a">Singapore</subfield>
  </datafield>
  <datafield tag="260" ind1=" " ind2=" ">
   <subfield code="b">J. Wiley &amp; Sons (Asia)</subfield>
  </datafield>
  <datafield tag="260" ind1=" " ind2=" ">
   <subfield code="c">2009</subfield>
  </datafield>
  <datafield tag="520" ind1=" " ind2=" ">
   <subfield code="a">Mobile Communication Systems and Security arms readers with a thorough understanding of all major cellular air-interface technologies and their security layer techniques. Rhee covers the technological development of wireless mobile communications in compliance with each iterative generation up to 3G systems and beyond, with an emphasis on wireless security aspects. By progressing in a systematic manner, presenting the theory and practice of wireless mobile technologies along with various security problems, readers will gain an intimate sense of how mobile systems operate and how to address complex security issues.</subfield>
  </datafield>
  <datafield tag="650" ind1=" " ind2=" ">
   <subfield code="a">Mobile communication systems,Wireless communication systems,Mobile communication systems,Wireless communication systems,Hệ thống viễn thông di động,Hệ thống viễn thông không dây,Hệ thống viễn thông di động,Hệ thống viễn thông không dây</subfield>
  </datafield>
  <datafield tag="650" ind1=" " ind2=" ">
   <subfield code="x">Security measures,Security measures,Biện pháp an ninh,Biện pháp an ninh</subfield>
  </datafield>
  <datafield tag="904" ind1=" " ind2=" ">
   <subfield code="i">QHieu</subfield>
  </datafield>
  <datafield tag="980" ind1=" " ind2=" ">
   <subfield code="a">Trung tâm Học liệu Trường Đại học Cần Thơ</subfield>
  </datafield>
 </record>
</collection>
